000 00231nam a22000857a 4500
008 160928b xxu||||| |||| 00| 0 eng d
100 _9796
_aRidout.C.J
245 _aThe Path to English-3
260 _aNew Delhi
_bS. Chand Publications
_c2011
999 _c3450
_d3450